<?xml version="1.0" encoding="UTF-8"?>
<collection xmlns="http://www.loc.gov/MARC21/slim">
 <record>
  <leader>     na                 </leader>
  <controlfield tag="001">INLIS000000000014351</controlfield>
  <controlfield tag="005">20211124032425</controlfield>
  <controlfield tag="008">211124                g          0 ind  </controlfield>
  <datafield tag="020" ind1=" " ind2=" ">
   <subfield code="a">978-979-769-411-1</subfield>
  </datafield>
  <datafield tag="035" ind1=" " ind2=" ">
   <subfield code="a">0010-0821001430</subfield>
  </datafield>
  <datafield tag="082" ind1=" " ind2=" ">
   <subfield code="a">658.403.8</subfield>
  </datafield>
  <datafield tag="084" ind1=" " ind2=" ">
   <subfield code="a">658.403.8 YUS p</subfield>
  </datafield>
  <datafield tag="100" ind1="1" ind2=" ">
   <subfield code="a">Yusup, M.Pawit</subfield>
  </datafield>
  <datafield tag="245" ind1="1" ind2=" ">
   <subfield code="a">Perspektif :</subfield>
   <subfield code="b">Manajemen Pengetahuan Informasi, Komunikasi, Pendidikan, Dan Perpustakaan</subfield>
  </datafield>
  <datafield tag="250" ind1=" " ind2=" ">
   <subfield code="a">1</subfield>
  </datafield>
  <datafield tag="260" ind1=" " ind2=" ">
   <subfield code="a">Jakarta :</subfield>
   <subfield code="b">Rajawali Pers,</subfield>
   <subfield code="c">2012</subfield>
  </datafield>
  <datafield tag="300" ind1=" " ind2=" ">
   <subfield code="a">524 hlm. ;</subfield>
   <subfield code="c">23 cm.</subfield>
  </datafield>
  <datafield tag="520" ind1=" " ind2=" ">
   <subfield code="a">PerspeKtif Manajemen Pengetahuan Informasi, Komunikasi, Pendidikan, dan Perpustakaan Secara keilmuan, manajemen pengetahuan merupakan topik yang menarik untuk dikaji, terutama jika sudah dilihat dari aspek praksisnya dan implementasinya di berbagai organisasi dan atau lembaga perusahaan yang mendudukkan pengetahuan sebagai faktor dominan untuk pengembangan organisasi dan anggota-anggotanya. Di kelembagaan pendidikan, terutama di tingkat pendidikan tinggi, misalnya, langsung maupun tidak langsung, aspek praktik manajemen pengetahuan terlibat di dalamnya. Kegiatan pembelajaran terprogram, diskusi terstruktur, sharing informasi terjadwal, dan kegiatan pembelajaran lainnya yang terjadwal di dalam kelas dan di luar kelas, adalah contohnya. Praktik-praktik manajemen pengetahuan di lingkungan pendidikan tinggi tampak jelas dalam bentuk pembelajaran di hampir setiap ruang kelas dan ruang-ruang akademik lainnya seperti di laboratorium, di perpustakaan, di bengkel kerja, dan di pusat sumber belajar bersama. Di ranah manajerial pun tampak lebih mengedepankan diskusi, rapat, presentasi, focus group discussion, dan brainstorming dalam rangka pengambilan suatu keputusan organisasi.Akhirnya, konsep manajemen pengetahuan dalam taraf tertentu sama dengan konsep manajemen informasi yang dikembangkan oleh kajian ilmu informasi dan perpustakaan.Buku ini bermanfaat terutama bagi mahasiswa peminat bidang ilmu informasi dan perpustakaan, khususnya yang berkaitan dengan mata kuliah seperti: Manajemen Pengetahuan, Pengantar Ilmu Perpustakaan dan Informasi, Filsafat Ilmu Perpustakaan dan Informasi, Manajemen Sistem Perpustakaan, Referens, dan mata kuliah lain yang relevan. Karena teknik pembahasannya bersifat umum dan praktis, maka para peminat bidang ilmu lain yang relevan pun bisa menggunakan buku ini sebagai tambahan wawasan pengetahuan dan informasi.</subfield>
  </datafield>
  <datafield tag="650" ind1=" " ind2="4">
   <subfield code="a">Manajemen Informasi</subfield>
  </datafield>
  <datafield tag="650" ind1=" " ind2="4">
   <subfield code="a">Perpustakaan</subfield>
  </datafield>
  <datafield tag="863" ind1=" " ind2=" ">
   <subfield code="a">1</subfield>
  </datafield>
  <datafield tag="990" ind1=" " ind2=" ">
   <subfield code="a">051022</subfield>
  </datafield>
  <datafield tag="990" ind1=" " ind2=" ">
   <subfield code="a">051023</subfield>
  </datafield>
  <datafield tag="990" ind1=" " ind2=" ">
   <subfield code="a">051024</subfield>
  </datafield>
  <datafield tag="990" ind1=" " ind2=" ">
   <subfield code="a">051025</subfield>
  </datafield>
  <datafield tag="990" ind1=" " ind2=" ">
   <subfield code="a">051026</subfield>
  </datafield>
  <datafield tag="990" ind1=" " ind2=" ">
   <subfield code="a">12655</subfield>
  </datafield>
 </record>
</collection>
